Religión y política en América Central: hacia una nueva interpretación de la religiosidad popular /

Gardado en:
Detalles Bibliográficos
Autor Principal: Richard, Pablo
Outros autores: Irarrával, Diego
Formato: Texto
Publicado: San José: DEI
Etiquetas: Engadir etiqueta
Sen Etiquetas, Sexa o primeiro en etiquetar este rexistro!

MARC

LEADER 00000 a a2200000 04500
001 23854
003
040
090 |a 164300  
100 |a Richard, Pablo  
245 |a Religión y política en América Central: hacia una nueva interpretación de la religiosidad popular /  |c Pablo Richard 
260 |a San José:   |b DEI  
300 |a 61 p  
700 |a Irarrával, Diego  
999 |c 6287  |d 6287